Slang Of The 60s Quiz Stats

Quiz Updated Sep 27, 2014

Also try: 1920s Slang
Challenge
Share
Tweet
Score 0/20 Timer 04:00
5 Plays Today
% Correct
chick
98.5%
old man
98%
groovy
97.6%
bummed out
97%
hang loose
96%
rip off
95.2%
crash
94.6%
fuzz
94.4%
bread
94.1%
bug
93.4%
% Correct
pad
93.3%
loaded
92.4%
dig
91.5%
heavy
90.4%
thong
89.4%
scarf
87.5%
hairy
84.2%
boss
77.8%
book
74.4%
bogart
65%

You're not logged in!

Compare scores with friends on all Sporcle quizzes.
Sign Up with Email
OR
Log In

You Might Also Like...

Show Comments

Extras

Top Quizzes Today


Score Distribution

Your Account Isn't Verified!

In order to create a playlist on Sporcle, you need to verify the email address you used during registration. Go to your Sporcle Settings to finish the process.